| 000 | 00725nam a2200253 i 4500 | ||
|---|---|---|---|
| 001 | 8657 | ||
| 003 | ES-MaACL | ||
| 005 | 20250827042126.0 | ||
| 007 | t| | ||
| 008 | 920819s1991 sp ||||1| spa d | ||
| 020 | _a8487422217 | ||
| 080 | _a86-195"19" | ||
| 080 | _a86(Reyes,A.7 C.01) | ||
| 100 | 1 |
_aReyes, Ángela, _d1946- _9137576 |
|
| 245 | 1 | 0 |
_aCrónica de un lirista naufragado _b: poemas en prosa / _cAngela Reyes. |
| 250 | _a[1ª ed.]. | ||
| 260 |
_aMadrid : _bAltorrey, _c1991. |
||
| 300 |
_a59 p. ; _c21 cm. |
||
| 490 | 1 |
_aColección Río Aulencia ; _v1 |
|
| 830 | 0 |
_aColección "Río Aulencia" ; _v1 _9179810 |
|
| 852 |
_aES-MaACL _jL-16111 _bR.120003 |
||
| 942 | _2udc | ||
| 999 |
_c8657 _d8657 |
||